000 00383nam a2200157Ia 4500
008 200103s9999||||xx |||||||||||||| ||und||
020 _a8120306902
040 _aIMU-MPC
082 _aColumn-8
100 _aOgata, Katsuhiko
245 0 _aMopdern Control Engineering
250 _a2nd ed.
260 _bPrentice-Hall of India, New Delhi
_c1995
300 _axii, 963
942 _cBK
999 _c3940
_d3940